Access Reading 4: Reading in the real world
Uloženo v:
| Hlavní autor: | |
|---|---|
| Médium: | Kniha |
| Jazyk: | Undetermined |
| Vydáno: |
Australia
Thomson
2005
|
| Témata: | |
| Tagy: |
Přidat tag
Žádné tagy, Buďte první, kdo otaguje tento záznam!
|
| Thư viện lưu trữ: | Trung tâm Học liệu Trường Đại học Cần Thơ |
|---|
| LEADER | 00652nam a2200217Ia 4500 | ||
|---|---|---|---|
| 001 | CTU_101920 | ||
| 008 | 210402s9999 xx 000 0 und d | ||
| 020 | |c 121500 | ||
| 082 | |a 428.24 | ||
| 082 | |b C712/CD.1 | ||
| 100 | |a Tim Collins | ||
| 245 | 0 | |a Access Reading 4: | |
| 245 | 0 | |b Reading in the real world | |
| 245 | 0 | |c Tim Collins | |
| 260 | |a Australia | ||
| 260 | |b Thomson | ||
| 260 | |c 2005 | ||
| 650 | |a english language,english language,reading | ||
| 650 | |x spoken english,problems, exercises, etc,textbooks for foreign speakers,problems, exercises, etc | ||
| 904 | |i Giang | ||
| 980 | |a Trung tâm Học liệu Trường Đại học Cần Thơ | ||